[Event "15. European Team Championship"]
[Site "?"]
[Date "2005.08.05"]
[Round "7.3"]
[White "Anastasian Ashot"]
[Black "Bauer Christian"]
[Result "1/2-1/2"]
[WhiteElo "2595"]
[BlackElo "2641"]
[PlyCount "116"]
[EventDate "2005.??.??"]
[Source "www.chesslib.no"]
[SourceDate "2004.05.04"]

1. Nf3 f5 2. g3 Nf6 3. c4 g6 4. Bg2 Bg7 5. O-O O-O 6. Nc3 d6 7. d4 Qe8 8. d5 Na6 9. Be3 Bd7 10. Qd2 Ng4 11. Bf4 Nc5 12. Nd4 a5 13. Nb3 b6 14. Nxc5 bxc5 15. a4 h6 16. h3 Ne5 17. Bxe5 Bxe5 18. Nb5 Rc8 19. Qxa5 f4 20. Qd2 Kg7 21. Ra3 e6 22. Rb3 exd5 23. cxd5 Qe7 24. Rf3 fxg3 25. fxg3 Rxf3 26. Rxf3 Bxb5 27. axb5 Rf8 28. Ra3 Rf7 29. Kh1 h5 30. Qc2 Qg5 31. Qe4 Bxg3 32. Rf3 Be5 33. Rxf7+ Kxf7 34. Qf3+ Kg7 35. b3 Qd2 36. Bf1 Bd4 37. Kh2 Qg5 38. e3 Bxe3 39. Bg2 Qe5+ 40. Kh1 Qc3 41. Qd1 Bd4 42. Qf3 Qd2 43. Bf1 Be5 44. Be2 Qg5 45. Bd3 Bd4 46. Qg2 Qc1+ 47. Qf1 Qe3 48. Bc4 g5 49. Be2 g4 50. hxg4 h4 51. Bd3 h3 52. g5 Qg3 53. g6 h2 54. Qf7+ Kh6 55. Qf8+ Bg7 56. Qf1 Bd4 57. Qf8+ Bg7 58. Qf1 Bd4 1/2-1/2

[Event "France 72/93"]
[Site "?"]
[Date "1998.??.??"]
[Round "?"]
[White "Illescas Cordoba, Miguel"]
[Black "Gurevich, Mikhail"]
[Result "1/2-1/2"]
[WhiteElo "2600"]
[BlackElo "2635"]
[PlyCount "74"]
[EventDate "1998.??.??"]
[Source "ChessBase"]
[SourceDate "1998.02.01"]

1. Nf3 d6 2. d4 f5 3. g3 g6 4. Bg2 Nf6 5. O-O Bg7 6. c4 O-O 7. Nc3 Qe8 8. d5 Na6 9. Rb1 c6 10. b4 Bd7 11. dxc6 bxc6 12. a3 Nc7 13. Bb2 Ne6 14. e3 Rb8 15. Ne2 a5 16. Bc3 axb4 17. axb4 Qf7 18. c5 Ne4 19. Bxg7 Qxg7 20. cxd6 exd6 21. Qc2 Rb6 22. Nfd4 Nxd4 23. Nxd4 Qe7 24. Ra1 Rxb4 25. Nxc6 Bxc6 26. Qxc6 Rbb8 27. Ra6 Rf6 28. Rfa1 Rb7 29. R6a4 Re6 30. Qc8+ Kg7 31. Qa8 Re5 32. Bxe4 Rxe4 33. Ra7 Reb4 34. Rxb7 Qxb7 35. Qxb7+ Rxb7 36. Ra6 Rd7 37. Kf1 Kf6 1/2-1/2

[Event "Mind Sports Games - Blitz Team"]
[Site "Pechino CINA"]
[Date "2008.10.13"]
[Round "6"]
[White "Le Quang Liem"]
[Black "Zhang Zhong"]
[Result "1-0"]
[WhiteElo "2583"]
[BlackElo "2649"]
[PlyCount "93"]
[EventDate "2008.10.13"]
[Source "www.chesslib.no"]
[SourceDate "2004.05.04"]

1. d4 f5 2. g3 Nf6 3. Bg2 g6 4. c4 Bg7 5. Nf3 O-O 6. O-O d6 7. Nc3 Qe8 8. d5 a5 9. Nd4 Na6 10. b3 Nc5 11. Bb2 Bd7 12. Rc1 c6 13. Qc2 Rc8 14. Rfd1 g5 15. Nxf5 Bxf5 16. Qxf5 Nfe4 17. Bxe4 Rxf5 18. Bxf5 Ra8 19. Ba3 Qf8 20. Bg4 Be5 21. Bxc5 dxc5 22. Ne4 Kh8 23. Nxc5 Bd6 24. Ne6 Qf6 25. c5 Be5 26. d6 exd6 27. cxd6 h5 28. d7 hxg4 29. d8=Q+ Rxd8 30. Rxd8+ Kh7 31. Rd7+ Kg6 32. Nc5 Bd4 33. Nd3 b6 34. e3 Ba1 35. Rd1 Kh5 36. Ne1 Be5 37. Rd8 Qe7 38. R1d7 Qa3 39. Nd3 Bc3 40. Rg8 Kh6 41. Rc8 Bf6 42. Rxc6 Kg6 43. Rdd6 Qxa2 44. Rxf6+ Kg7 45. Rfd6 Qb1+ 46. Kg2 Qd1 47. Rd7+ 1-0

[Event "Las Palmas-I"]
[Site "?"]
[Date "1993.??.??"]
[Round "5"]
[White "Van Wely, L."]
[Black "Smirin, I."]
[Result "1/2-1/2"]
[WhiteElo "2585"]
[BlackElo "2640"]
[PlyCount "141"]
[EventDate "1993.??.??"]
[Source "www.chesslib.no"]
[SourceDate "2004.05.04"]

1. d4 f5 2. Nf3 Nf6 3. g3 g6 4. Bg2 Bg7 5. b3 O-O 6. Bb2 d6 7. c4 Qe8 8. O-O c6 9. Nbd2 Nbd7 10. Qc2 e5 11. dxe5 dxe5 12. e4 f4 13. c5 fxg3 14. fxg3 Qe7 15. b4 b6 16. Nc4 bxc5 17. Ncxe5 Bb7 18. Qc4+ Kh8 19. Nxd7 Nxd7 20. Bxg7+ Kxg7 21. Rab1 cxb4 22. Rxb4 Nb6 23. Qc3+ Kg8 24. Qb3+ Qf7 25. Qxf7+ Rxf7 26. Rc1 Re7 27. Nd2 c5 28. Rxc5 Rd8 29. Rc2 Red7 30. Nf3 Rd1+ 31. Kf2 Ra1 32. Rd4 Re8 33. Nd2 Bc8 34. Nb3 Rb1 35. Rc1 Rxc1 36. Nxc1 Be6 37. Rd2 Rc8 38. Ne2 Nc4 39. Rd3 Ne5 40. Ra3 Rc2 41. Rxa7 Bc4 42. Bf3 Nxf3 43. Kxf3 Rxe2 44. a4 Rxh2 45. a5 Rh5 46. Ke3 Rg5 47. Kd4 Bf1 48. e5 Rxg3 49. e6 Rd3+ 50. Ke5 Re3+ 51. Kd6 g5 52. Ra8+ Kg7 53. e7 Bb5 54. Rb8 g4 55. Rxb5 Kf6 56. Rf5+ Kxf5 57. a6 Re6+ 58. Kd7 Kf6 59. e8=Q Rxe8 60. Kxe8 g3 61. a7 g2 62. a8=Q g1=Q 63. Qf3+ Kg5 64. Qd5+ Kh6 65. Kd7 Qg5 66. Qe4 Kg7 67. Ke6 h5 68. Qf5 Qg4 69. Ke5 Qg3+ 70. Ke4 h4 71. Qd7+ 1/2-1/2

[Event "Mind Sports Games - Rapid Team"]
[Site "Pechino CINA"]
[Date "2008.10.16"]
[Round "9"]
[White "Ruck, R1."]
[Black "Zhang Zhong"]
[Result "1/2-1/2"]
[WhiteElo "2574"]
[BlackElo "2649"]
[PlyCount "114"]
[EventDate "2008.10.14"]
[Source "www.chesslib.no"]
[SourceDate "2004.05.04"]

1. Nf3 f5 2. c4 Nf6 3. d4 g6 4. g3 Bg7 5. Bg2 O-O 6. b3 d6 7. Bb2 Qe8 8. O-O Na6 9. Nbd2 c5 10. e3 Bd7 11. Qe2 Rb8 12. d5 b5 13. Bc3 h6 14. Ne1 g5 15. Nd3 Nc7 16. Rfe1 e5 17. dxe6 Nxe6 18. Rad1 Bc6 19. cxb5 Bxg2 20. Kxg2 Qxb5 21. Nc4 Qc6+ 22. f3 g4 23. Bxf6 Bxf6 24. h4 Rbe8 25. Qf2 Bc3 26. Rf1 d5 27. Nce5 Qc7 28. Ng6 Rf6 29. Ngf4 Qc6 30. Nxe6 Rfxe6 31. Nf4 Rxe3 32. Rxd5 Bd4 33. Qc2 Qxd5 34. Nxd5 Re2+ 35. Qxe2 Rxe2+ 36. Kh1 Kg7 37. fxg4 fxg4 38. Nf4 Rxa2 39. Ne6+ Kg6 40. Nf8+ Kg7 41. Ne6+ Kh7 42. Nxd4 cxd4 43. Rd1 Rb2 44. Rxd4 Rxb3 45. Rxg4 a5 46. Ra4 Rb5 47. Kg2 Kg6 48. g4 Kf7 49. Kf3 Ke6 50. Ke3 Kd5 51. g5 h5 52. Kd3 Ke5 53. Kc3 Kf5 54. Kc4 Re5 55. Kc3 Kg6 56. Kd4 Kf5 57. Kd3 Rc5 1/2-1/2

[Event "Bastia FRA, Open 2005"]
[Site "?"]
[Date "2005.11.02"]
[Round "6"]
[White "Malakhatko Vadim"]
[Black "Gurevich Mikhail"]
[Result "1/2-1/2"]
[WhiteElo "2570"]
[BlackElo "2652"]
[PlyCount "60"]
[EventDate "2005.??.??"]
[Source "www.chesslib.no"]
[SourceDate "2004.05.04"]

1. d4 d6 2. c4 f5 3. Nc3 Nf6 4. g3 g6 5. Bg2 Bg7 6. Nf3 O-O 7. O-O Qe8 8. d5 a5 9. Nd4 Na6 10. e4 fxe4 11. Nxe4 Nxe4 12. Bxe4 Nc5 13. Bg2 Bd7 14. Be3 Qf7 15. Qd2 b6 16. Rac1 Rae8 17. b3 Qf6 18. Nb5 Bxb5 19. cxb5 Kh8 20. Bh3 Qe5 21. f4 Qh5 22. Kg2 e5 23. dxe6 Nxe6 24. Bxe6 Rxe6 25. Rxc7 Rfe8 26. Bf2 Re2 27. Qxd6 R2e6 28. Qd2 Re2 29. Qd6 R2e6 30. Qd2 Re2 1/2-1/2

[Event "Active Chess Match"]
[Site "St Petersburg RUS"]
[Date "1999.04.01"]
[Round "10"]
[White "Korchnoi, V."]
[Black "Spassky, B."]
[Result "1/2-1/2"]
[WhiteElo "2673"]
[BlackElo "2549"]
[PlyCount "48"]
[EventDate "1999.??.??"]
[Source "www.chesslib.no"]
[SourceDate "2004.05.04"]

1. d4 f5 2. c4 Nf6 3. Nf3 g6 4. g3 Bg7 5. Bg2 O-O 6. O-O d6 7. b4 e5 8. dxe5 dxe5 9. Qb3 e4 10. Ng5 h6 11. Rd1 Qe8 12. Nh3 g5 13. f4 g4 14. Nf2 Be6 15. Na3 a5 16. b5 Nbd7 17. Bb2 Nc5 18. Qc2 Qe7 19. e3 c6 20. Bf1 Rac8 21. Rac1 Rfd8 22. Rxd8+ Rxd8 23. bxc6 bxc6 24. Nb1 Nfd7 1/2-1/2

[Event "Russian Club Cup"]
[Site "Maikop"]
[Date "1998.06.03"]
[Round "1"]
[White "Shipov, Sergei"]
[Black "Malaniuk, Vladimir P"]
[Result "1/2-1/2"]
[WhiteElo "2620"]
[BlackElo "2600"]
[PlyCount "74"]
[EventDate "1998.06.03"]
[Source "ChessBase"]
[SourceDate "1998.09.30"]

1. d4 f5 2. g3 Nf6 3. Bg2 g6 4. Nf3 Bg7 5. O-O O-O 6. c4 d6 7. Nc3 Qe8 8. d5 Na6 9. Rb1 Nc5 10. Be3 Nfe4 11. Nxe4 Nxe4 12. Bd4 Bxd4 13. Nxd4 e5 14. dxe6 Bxe6 15. Qc2 Qf7 16. Nxe6 Qxe6 17. Rfd1 a5 18. Rd4 Rae8 19. Rbd1 b6 20. e3 Re7 21. a3 h5 22. h4 Qf7 23. b4 axb4 24. axb4 Rfe8 25. Bf3 Re5 26. Kg2 Kh7 27. Ra1 Kh6 28. Ra7 R8e7 29. Rd1 Kh7 30. Qd3 Qg7 31. Ra8 Re8 32. Rda1 Rxa8 33. Rxa8 Re7 34. Qd5 Nf6 35. Qd2 Ne4 36. Qd5 Nf6 37. Qd2 Ne4 1/2-1/2

[Event "Mind Sports Games - Rapid Ind"]
[Site "Pechino CINA"]
[Date "2008.10.05"]
[Round "1"]
[White "Nguyen Ngoc Truong Son"]
[Black "Zhang Zhong"]
[Result "0-1"]
[WhiteElo "2567"]
[BlackElo "2649"]
[PlyCount "106"]
[EventDate "2008.10.05"]
[Source "www.chesslib.no"]
[SourceDate "2004.05.04"]

1. Nf3 f5 2. c4 Nf6 3. Nc3 d6 4. d4 g6 5. g3 Bg7 6. Bg2 O-O 7. O-O Qe8 8. b4 e5 9. dxe5 dxe5 10. b5 e4 11. Nd4 Qf7 12. Qb3 c5 13. bxc6 Nxc6 14. Nxc6 bxc6 15. Ba3 Rd8 16. Rac1 Be6 17. Qa4 Rac8 18. Bc5 Nd7 19. Be3 Nb6 20. Qa6 Bxc4 21. Qa5 Nd5 22. Rfd1 Re8 23. Bd4 Nxc3 24. Bxc3 Bxe2 25. Bxg7 Qxg7 26. Rd2 Bd3 27. Bf1 Bxf1 28. Kxf1 Qc7 29. Qa4 e3 30. Rdc2 exf2 31. Kxf2 Re6 32. Kg2 Qd7 33. Qb3 Qf7 34. Qd3 Qe7 35. Qb3 Kf8 36. Qf3 c5 37. g4 Re3 38. Qf4 Re4 39. Qh6+ Kg8 40. gxf5 Rg4+ 41. Kh3 Qe4 42. Rf2 gxf5 43. Rcf1 Rg6 44. Qf4 c4 45. Qxf5 Qe3+ 46. Kh4 Rh6+ 47. Kg4 Rg6+ 48. Kh4 Rh6+ 49. Kg4 Qh3+ 50. Kf4 Rh4+ 51. Ke5 Rc5+ 52. Kd6 Rxf5 53. Rxf5 Rh6+ 0-1

[Event "Kusadasi TUR"]
[Site "?"]
[Date "2006.04.10"]
[Round "7"]
[White "Georgiev Kiril"]
[Black "Nijboer Friso"]
[Result "1/2-1/2"]
[WhiteElo "2645"]
[BlackElo "2571"]
[PlyCount "175"]
[EventDate "2006.??.??"]
[Source "www.chesslib.no"]
[SourceDate "2004.05.04"]

1. d4 f5 2. g3 Nf6 3. Bg2 g6 4. Nf3 Bg7 5. O-O O-O 6. c4 d6 7. Nc3 Qe8 8. d5 a5 9. Be3 Na6 10. Qd2 Ng4 11. Bf4 Nc5 12. h3 Nf6 13. Bh6 Nfe4 14. Nxe4 Nxe4 15. Qc1 Bxh6 16. Qxh6 e5 17. dxe6 Bxe6 18. Rac1 Qf7 19. Rc2 Rae8 20. Ng5 Nxg5 21. Qxg5 b6 22. Rd1 f4 23. g4 Kg7 24. b3 Bc8 25. Bd5 Qf6 26. Qxf6+ Kxf6 27. Kg2 Kg5 28. Bf3 Kh4 29. Rd4 Bd7 30. Kh2 Re5 31. Re4 h5 32. Rd2 Rxe4 33. Bxe4 hxg4 34. hxg4 Kxg4 35. Bxg6 Bc6 36. f3+ Kg5 37. Bc2 Kf6 38. Kg2 Ke5 39. Rd1 Rh8 40. Kg1 d5 41. Bd3 Bb7 42. Kf2 Rh2+ 43. Kg1 Rh6 44. Kf2 a4 45. bxa4 c5 46. a3 Bc6 47. cxd5 Bxa4 48. Rc1 Bb3 49. Bc4 Bxc4 50. Rxc4 Rf6 51. e4 fxe3+ 52. Kxe3 Kxd5 53. Rc3 b5 54. Rd3+ Kc4 55. Kd2 Rh6 56. Rc3+ Kd5 57. Rd3+ Kc6 58. Rd8 Rh4 59. Kc3 Rf4 60. Rd3 Kb6 61. Re3 Ka5 62. Kb3 Rd4 63. Rc3 c4+ 64. Kb2 Ka4 65. Kc1 Rh4 66. Re3 Rh1+ 67. Kb2 Rh2+ 68. Kb1 Rd2 69. Rc3 Re2 70. Ka1 Ka5 71. Kb1 Rd2 72. Kc1 Rd4 73. Kb1 Kb6 74. Re3 Rd2 75. Re6+ Kc5 76. Re5+ Kd4 77. Rxb5 Kd3 78. Rd5+ Kc3 79. Rb5 Rd1+ 80. Ka2 Kd3 81. Rd5+ Kc2 82. Rh5 c3 83. a4 Kd2 84. Kb3 Rb1+ 85. Kc4 c2 86. Rh2+ Kd1 87. Rh1+ Kd2 88. Kd5 1/2-1/2

[Event "Camp. turco"]
[Site "Ankara TUR"]
[Date "2008.03.26"]
[Round "4"]
[White "Atalik, S."]
[Black "Gurevich, M."]
[Result "0-1"]
[WhiteElo "2597"]
[BlackElo "2607"]
[PlyCount "106"]
[EventDate "2008.03.23"]
[Source "www.chesslib.no"]
[SourceDate "2004.05.04"]

1. c4 f5 2. d4 Nf6 3. Nc3 d6 4. Nf3 g6 5. g3 Bg7 6. Bg2 O-O 7. O-O Qe8 8. d5 Na6 9. Rb1 c6 10. b4 Bd7 11. dxc6 bxc6 12. b5 cxb5 13. cxb5 Nc5 14. a4 h6 15. Nd4 Nfe4 16. Nxe4 Nxe4 17. Bb2 Rc8 18. Qd3 Qf7 19. Nc6 Bxb2 20. Rxb2 Bxc6 21. bxc6 Rxc6 22. Bxe4 fxe4 23. Qxe4 Rc4 24. Qe3 Rxa4 25. Rb7 Re8 26. Qxh6 Re4 27. Qd2 Ra8 28. Qd3 Qe6 29. e3 Kf7 30. Rc1 a5 31. Rcc7 Re8 32. Rb6 Rd8 33. Ra7 Re5 34. Rb5 Rxb5 35. Qxb5 Rc8 36. Rxa5 Rc1+ 37. Kg2 Qe4+ 38. Kh3 Qe6+ 39. Kg2 Qe4+ 40. Kh3 Qe6+ 41. g4 Rc5 42. Qb4 Rc4 43. Qxc4 Qxc4 44. Kg3 d5 45. Ra7 Qb3 46. Kg2 g5 47. h3 Kf6 48. Ra6+ e6 49. Ra7 e5 50. Ra6+ Kf7 51. Rd6 Qc4 52. Kf3 Ke7 53. Rh6 Qe4+ 0-1

[Event "Olimpiadi 2008 - open"]
[Site "Dresda GER"]
[Date "2008.11.22"]
[Round "9"]
[White "Hansen, LB."]
[Black "Gurevich, M1."]
[Result "1-0"]
[WhiteElo "2570"]
[BlackElo "2634"]
[PlyCount "77"]
[EventDate "2008.11.13"]
[Source "www.chesslib.no"]
[SourceDate "2004.05.04"]

1. d4 d6 2. Nf3 g6 3. c4 f5 4. g3 Bg7 5. Bg2 Nf6 6. Nc3 O-O 7. O-O Qe8 8. d5 Na6 9. Rb1 Bd7 10. b4 c6 11. dxc6 bxc6 12. b5 cxb5 13. cxb5 Nc5 14. a4 Rc8 15. Bb2 h6 16. Nd4 Qf7 17. Nc6 Rc7 18. Ba1 Nfe4 19. Nxe7+ Qxe7 20. Nd5 Qd8 21. Bxg7 Kxg7 22. Qd4+ Nf6 23. Nxc7 Qxc7 24. Rfd1 Rb8 25. e3 Rb6 26. Bf1 Ne6 27. Qc4 Qb8 28. a5 Rb7 29. b6 axb6 30. a6 b5 31. Qa2 Rb6 32. a7 Qa8 33. Bg2 Ne4 34. Qa5 Rb7 35. Bxe4 fxe4 36. Ra1 Nc5 37. Rxd6 Kf7 38. Qc3 Rxa7 39. Rf6+ 1-0

[Event "Monarch Assurance"]
[Site "Isle of Man"]
[Date "2007.09.30"]
[Round "9.2"]
[White "Golod, Vitali"]
[Black "Bartel, Mateusz"]
[Result "1/2-1/2"]
[WhiteElo "2589"]
[BlackElo "2609"]
[PlyCount "62"]
[EventDate "2007.09.22"]
[Source "www.chesslib.no"]
[SourceDate "2004.05.04"]

1. d4 f5 2. g3 Nf6 3. Bg2 g6 4. Nf3 Bg7 5. O-O O-O 6. c4 d6 7. Nc3 Na6 8. Rb1 c5 9. b3 e6 10. dxc5 Nxc5 11. Bb2 e5 12. Nb5 Nce4 13. Nd2 Ng5 14. Nf3 Nf7 15. Qc2 a6 16. Nc3 Be6 17. Rbd1 Qa5 18. Qd2 h6 19. Nd5 Qxd2 20. Nxf6+ Bxf6 21. Nxd2 Rab8 22. Bd5 Bxd5 23. cxd5 b5 24. Rc1 Rfc8 25. b4 Bd8 26. Rxc8 Rxc8 27. Rc1 Rxc1+ 28. Bxc1 Kf8 29. Kf1 h5 30. e4 Bg5 31. f3 Bxd2 1/2-1/2

[Event "FRA-ch"]
[Site "Aix les Bains"]
[Date "2003.08.28"]
[Round "10"]
[White "Dorfman, Josif D"]
[Black "Bauer, Christian"]
[Result "1/2-1/2"]
[WhiteElo "2607"]
[BlackElo "2589"]
[PlyCount "62"]
[EventDate "2003.08.18"]
[Source "ChessBase"]
[SourceDate "2003.11.11"]

1. d4 f5 2. g3 Nf6 3. Bg2 g6 4. c4 Bg7 5. Nc3 O-O 6. Nf3 d6 7. O-O Qe8 8. d5 a5 9. e4 fxe4 10. Ng5 Bg4 11. Qe1 Na6 12. Ncxe4 Nb4 13. h3 Bf5 14. Qe2 c6 15. g4 Bd7 16. Nc3 h6 17. dxc6 bxc6 18. Ne6 Bxe6 19. Qxe6+ Kh7 20. Qe2 Rb8 21. Be3 Na6 22. Rac1 Nc7 23. b3 c5 24. f4 e6 25. Qd3 Qe7 26. Na4 Na6 27. Qd2 Nb4 28. Rfe1 Qc7 29. Bf2 Rfe8 30. Bf3 Nc6 31. Qd3 Nd4 1/2-1/2

[Event "ACT op"]
[Site "Amsterdam"]
[Date "2004.07.23"]
[Round "7"]
[White "Tregubov, Pavel V"]
[Black "Nijboer, Friso"]
[Result "1/2-1/2"]
[WhiteElo "2628"]
[BlackElo "2568"]
[PlyCount "96"]
[EventDate "2004.07.17"]
[Source "Roberto Alvarez"]
[SourceDate "2004.07.26"]

1. d4 f5 2. g3 Nf6 3. Bg2 g6 4. c4 Bg7 5. Nf3 O-O 6. b4 d6 7. Bb2 e5 8. dxe5 Ng4 9. Qb3 Nxe5 10. c5+ Kh8 11. O-O Nbc6 12. Nxe5 dxe5 13. e3 Qe7 14. Nc3 e4 15. Nd5 Qf7 16. Bxg7+ Qxg7 17. Nf4 g5 18. Ne2 Qf6 19. Nd4 Nxd4 20. exd4 Be6 21. d5 Bg8 22. f3 c6 23. Qe3 cxd5 24. fxe4 dxe4 25. Rad1 Rae8 26. Rd6 Qg7 27. Qd4 Qxd4+ 28. Rxd4 h5 29. b5 Bh7 30. c6 bxc6 31. bxc6 f4 32. gxf4 gxf4 33. c7 f3 34. Bxf3 exf3 35. Rxf3 Rg8+ 36. Kf2 Re7 37. Rc3 Bf5 38. Rd5 Rf7 39. Rf3 Bg6 40. Rxf7 Bxf7 41. Ra5 Rc8 42. Rxa7 Kg7 43. Ke3 Kf6 44. Kd4 Be6 45. Kc5 Rg8 46. a4 h4 47. Ra6 Ke7 48. Rxe6+ Kxe6 1/2-1/2

[Event "Russian Club Cup"]
[Site "Maikop"]
[Date "1998.06.10"]
[Round "8"]
[White "Savchenko, Stanislav"]
[Black "Malaniuk, Vladimir P"]
[Result "1/2-1/2"]
[WhiteElo "2595"]
[BlackElo "2600"]
[PlyCount "27"]
[EventDate "1998.06.03"]
[Source "ChessBase"]
[SourceDate "1998.09.30"]

1. d4 f5 2. Nf3 Nf6 3. g3 g6 4. Bg2 Bg7 5. O-O O-O 6. c4 d6 7. Nc3 Qe8 8. d5 a5 9. Ne1 Na6 10. Nd3 c6 11. Rb1 e5 12. dxe6 Bxe6 13. b3 Bf7 14. Bb2 1/2-1/2

[Event "Bundesliga 9900"]
[Site "Germany"]
[Date "2000.04.08"]
[Round "14.1"]
[White "Van der Sterren, Paul"]
[Black "Onischuk, Alexander"]
[Result "1-0"]
[WhiteElo "2535"]
[BlackElo "2657"]
[PlyCount "105"]
[EventDate "1999.10.??"]
[Source "ChessBase"]
[SourceDate "2000.05.31"]

1. Nf3 f5 2. g3 Nf6 3. Bg2 g6 4. O-O Bg7 5. d4 O-O 6. c4 d6 7. Nc3 Qe8 8. d5 Na6 9. Rb1 Bd7 10. b4 c6 11. dxc6 bxc6 12. a3 Nc7 13. Bb2 Ne6 14. c5 dxc5 15. Ne5 Rd8 16. Qb3 Kh8 17. bxc5 Nxc5 18. Qc4 Nb7 19. Qa6 Nd6 20. Qxa7 Nf7 21. Nxd7 Rxd7 22. Qc5 Rd6 23. Rfd1 Nd7 24. Qa7 Nfe5 25. Ba1 Qa8 26. Qxa8 Rxa8 27. Nb5 Rxd1+ 28. Rxd1 Ra5 29. Nc7 Bf6 30. Ne6 Kg8 31. f4 Ng4 32. Rxd7 Bxa1 33. Bxc6 Nf6 34. Rxe7 Rxa3 35. Rg7+ Kh8 36. Rf7 Ng8 37. Bd5 Ra5 38. Bc4 Ra8 39. Bd5 Re8 40. Kg2 Nf6 41. Bb3 Ne4 42. h3 Nd6 43. Rd7 Ne4 44. g4 Bc3 45. Bc4 Bb4 46. gxf5 gxf5 47. Nd4 Nf6 48. Rf7 Rg8+ 49. Kh2 Bc5 50. Rxf6 Bxd4 51. Rxf5 Rg6 52. Rf8+ Kg7 53. Rf7+ 1-0

[Event "Aeroflot Open"]
[Site "Moscow"]
[Date "2004.02.25"]
[Round "9"]
[White "Korobov, Anton"]
[Black "Zhang Zhong"]
[Result "1-0"]
[WhiteElo "2552"]
[BlackElo "2639"]
[PlyCount "155"]
[EventDate "2004.02.17"]
[Source "Roberto Alvarez"]
[SourceDate "2004.03.01"]

1. d4 f5 2. g3 Nf6 3. Bg2 g6 4. Nf3 Bg7 5. O-O O-O 6. c4 d6 7. Nc3 Qe8 8. d5 a5 9. Nd4 Na6 10. b3 Bd7 11. Bb2 Nc5 12. Rc1 c6 13. e3 Rc8 14. Qe2 Qf7 15. Rfd1 Nce4 16. dxc6 bxc6 17. Na4 c5 18. Nb5 Rb8 19. Nac3 Bc6 20. f3 Ng5 21. a4 Qe8 22. Nc7 Qc8 23. N3b5 h6 24. Bxf6 Rxf6 25. Nd5 Bxd5 26. cxd5 Nf7 27. f4 g5 28. Qh5 Qd7 29. Rc2 Rf8 30. Bf1 Nh8 31. Bc4 Ng6 32. Re1 R8f7 33. h4 g4 34. e4 fxe4 35. Rxe4 Qf5 36. Qxf5 Rxf5 37. Nc7 Rf8 38. Ne6 Rb8 39. Rce2 Bf6 40. Kg2 Rc8 41. Rd2 Nf8 42. Be2 h5 43. Ng5 Nd7 44. Bd3 Nb6 45. Ree2 Rxd5 46. Bc4 Nxc4 47. Rxd5 Nb6 48. Rd1 Rb8 49. Kf1 Nc8 50. Rd3 Kg7 51. Re6 Kg6 52. Ke1 Rb4 53. Kd1 Nb6 54. Re4 c4 55. bxc4 Nxa4 56. Ra3 Nb2+ 57. Kc1 Nxc4 58. Rxa5 e5 59. Rd5 Kf5 60. Re2 Rb3 61. Ne4 Be7 62. fxe5 dxe5 63. Rd7 Ba3+ 64. Kc2 Rb2+ 65. Kd3 Rxe2 66. Rf7+ Ke6 67. Ng5+ Kd5 68. Kxe2 Nd6 69. Rf1 e4 70. Nh7 Ke5 71. Nf6 Nf5 72. Nxh5 Nd4+ 73. Kd1 Nf5 74. Rh1 Bc5 75. Rh2 Ne3+ 76. Ke2 Nf5 77. Rh1 Nd4+ 78. Kf1 1-0

[Event "Shanghai"]
[Site "?"]
[Date "2000.??.??"]
[Round "?"]
[White "Filippov, Va"]
[Black "Zhang, Zhong"]
[Result "0-1"]
[WhiteElo "2580"]
[BlackElo "2610"]
[PlyCount "106"]
[EventDate "2000.??.??"]
[Source "Chess Informant"]
[SourceDate "2000.02.01"]

1. c4 f5 2. Nf3 Nf6 3. g3 g6 4. Bg2 Bg7 5. O-O O-O 6. d4 d6 7. Nc3 Qe8 8. Re1 Qf7 9. b3 Ne4 10. Bb2 Nd7 11. Rc1 Ndf6 12. e3 Nxc3 13. Rxc3 Ne4 14. Rc2 c6 15. Nd2 Nxd2 16. Rxd2 Bd7 17. d5 Rac8 18. f4 Bxb2 19. Rxb2 Qf6 20. Rf2 Rf7 21. h4 a6 22. e4 fxe4 23. Bxe4 c5 24. Bf3 b5 25. Bg4 Bf5 26. h5 gxh5 27. Bxf5 Qxf5 28. Rh2 Rg7 29. Kf2 Qg6 30. Qf3 bxc4 31. Rxh5 cxb3 32. Rg5 Qxg5 33. fxg5 Rf8 34. axb3 Rxf3+ 35. Kxf3 Rxg5 36. Rxe7 Rxd5 37. Rd7 h5 38. Ke4 Rd4+ 39. Kf5 Rd3 40. Ke4 Rd4+ 41. Kf5 Rd3 42. Ke4 Rxb3 43. Rxd6 Rxg3 44. Rxa6 Kh7 45. Kf4 h4 46. Rc6 Rc3 47. Kf5 h3 48. Rc7+ Kg8 49. Rc8+ Kf7 50. Rc7+ Ke8 51. Rh7 c4 52. Kf6 Re3 53. Ra7 h2 0-1

[Event "Bundesliga 2003-4"]
[Site "Stuttgart"]
[Date "2004.02.15"]
[Round "9"]
[White "Schlosser, Philipp"]
[Black "Sadler, Matthew"]
[Result "1-0"]
[WhiteElo "2560"]
[BlackElo "2626"]
[PlyCount "91"]
[EventDate "2004.01.01"]
[Source "Roberto Alvarez"]
[SourceDate "2004.02.16"]

1. d4 f5 2. c4 Nf6 3. Nc3 d6 4. Nf3 g6 5. g3 Bg7 6. Bg2 O-O 7. O-O Qe8 8. d5 a5 9. Ne1 Na6 10. Nd3 Bd7 11. Bd2 Rb8 12. Rc1 b6 13. a4 c6 14. b3 cxd5 15. cxd5 Nc5 16. Nxc5 bxc5 17. Nb1 Qf7 18. Bxa5 g5 19. Bc3 f4 20. Bxf6 Qxf6 21. Nd2 g4 22. Rc4 fxg3 23. hxg3 h5 24. e3 Qg5 25. Rf4 Be5 26. Rxf8+ Rxf8 27. Nc4 Bg7 28. f4 gxf3 29. Rxf3 Rb8 30. Qd3 Be8 31. Bh3 Bg6 32. e4 Bd4+ 33. Kf1 h4 34. Be6+ Kg7 35. g4 h3 36. Rxh3 Qc1+ 37. Ke2 Qg1 38. Bf5 Rf8 39. Qf3 Qc1 40. Nd2 Rf6 41. Qh1 Qb2 42. Qb1 Qa3 43. Nc4 Qb4 44. Qe1 Qb7 45. Qh4 Kf7 46. Bxg6+ 1-0

[Event "Mind Sports Games - Blitz Team"]
[Site "Pechino CINA"]
[Date "2008.10.13"]
[Round "5"]
[White "Perelshteyn, E."]
[Black "Zhang Zhong"]
[Result "0-1"]
[WhiteElo "2536"]
[BlackElo "2649"]
[PlyCount "58"]
[EventDate "2008.10.13"]
[Source "www.chesslib.no"]
[SourceDate "2004.05.04"]

1. Nf3 f5 2. d4 Nf6 3. c4 g6 4. g3 Bg7 5. Bg2 O-O 6. O-O d6 7. Nc3 Qe8 8. b3 e5 9. dxe5 dxe5 10. Ba3 Rf7 11. Qc2 e4 12. Ng5 Rd7 13. Rad1 Na6 14. Nd5 c6 15. Nxf6+ Bxf6 16. h4 c5 17. Bb2 Nb4 18. Qb1 Qe7 19. Nh3 Rxd1 20. Rxd1 Be6 21. Nf4 Bf7 22. a3 Bxb2 23. Qxb2 Nc6 24. Nd5 Bxd5 25. cxd5 Ne5 26. f3 exf3 27. exf3 Qd6 28. Qe2 Ng4 29. Qe6+ Qxe6 0-1

[Event "Samara 74/89"]
[Site "?"]
[Date "1998.??.??"]
[Round "?"]
[White "Filippov, Valerij"]
[Black "Malaniuk, Vladimir P"]
[Result "1-0"]
[WhiteElo "2595"]
[BlackElo "2590"]
[PlyCount "70"]
[EventDate "1998.??.??"]
[Source "ChessBase"]
[SourceDate "1998.10.01"]

1. Nf3 f5 2. c4 Nf6 3. g3 g6 4. Bg2 Bg7 5. O-O O-O 6. Nc3 d6 7. d4 Qe8 8. Re1 Qf7 9. b3 Ne4 10. Bb2 Nc6 11. Rc1 e5 12. d5 Nb4 13. a3 Nxc3 14. Rxc3 Na6 15. b4 Qe7 16. Nd2 Bd7 17. Nb3 Rad8 18. c5 Ba4 19. c6 bxc6 20. dxc6 e4 21. Qd2 Nb8 22. Nd4 a6 23. e3 d5 24. Rc5 Rd6 25. Rec1 Rfd8 26. Bf1 Qe8 27. b5 axb5 28. Bxb5 Bxb5 29. Nxb5 Rxc6 30. Nxc7 Qd7 31. Rxd5 Rxc7 32. Rxd7 Rdxd7 33. Bd4 Nc6 34. Qa2+ Kh8 35. Qe6 Bxd4 1-0

[Event "Mind Sports Games - Blitz Ind"]
[Site "Pechino CINA"]
[Date "2008.10.04"]
[Round "10"]
[White "Le Quang Liem"]
[Black "Bartel, Mat"]
[Result "1-0"]
[WhiteElo "2583"]
[BlackElo "2602"]
[PlyCount "77"]
[EventDate "2008.10.04"]
[Source "www.chesslib.no"]
[SourceDate "2004.05.04"]

1. d4 f5 2. g3 Nf6 3. Bg2 g6 4. c4 Bg7 5. Nf3 O-O 6. O-O d6 7. Nc3 Na6 8. d5 Nc5 9. Nd4 a5 10. b3 Bd7 11. Bb2 a4 12. Rb1 axb3 13. axb3 Qe8 14. b4 Na4 15. Nxa4 Rxa4 16. Qb3 Ra8 17. c5 g5 18. c6 Bc8 19. cxb7 Bxb7 20. Nxf5 Bc8 21. Nxg7 Kxg7 22. Rbc1 Ra7 23. Qe3 Rb7 24. Qxg5+ Kh8 25. e4 Rxb4 26. Qd2 Qb5 27. Bxf6+ Rxf6 28. Rxc7 Ba6 29. Rxe7 Rb1 30. Rc1 Qb6 31. Rec7 Rb2 32. Rc8+ Bxc8 33. Rxc8+ Kg7 34. Qg5+ Rg6 35. Qe7+ Kh6 36. Qf8+ Rg7 37. Qf4+ Kg6 38. Rc6 Rb1+ 39. Bf1 1-0